Correr tras el propio sombrero (Registro nro. 4863)

Detalles MARC
000 - LÍDER
campo de control de longitud fija 01514nam a2200349 i 4500
005 - FECHA Y HORA DE LA ÚLTIMA TRANSACCIÓN
campo de control 20210727153242.0
008 - ELEMENTOS DE DATOS DE LONGITUD FIJA - INFORMACIÓN GENERAL
campo de control de longitud fija 160315s2010 sp gs 000 e spa d
020 ## - INTERNATIONAL STANDARD BOOK NUMBER
International Standard Book Number 8496489272
040 ## - FUENTE DE CATALOGACIÓN
Agencia de catalogación original CO-BoRNBP
Lenguaje de catalogación spa
Agencia de transcripción CO-BoRNBP
Descripción convenciones rda
041 1# - CÓDIGO DE LENGUAJE
Código de idioma del original eng
082 04 - NÚMERO DE CLASIFICACIÓN DECIMAL DEWEY
Número de clasificación 808.84
Número de artículo C32c
100 1# - ENTRADA PRINCIPAL - NOMBRE PERSONAL
Nombre de la persona Chesterton, Gilbert Keith,
Fechas asociadas a un nombre 1874-1936
Término del Relator autor
245 10 - TÍTULO DECLARACIÓN
Título Correr tras el propio sombrero
Resto del título y otros ensayos
Declaración de responsabilidad Gilbert Keith Chesterton ; traducido por Miguel Temprano García ; selección y prólogo de Alberto Manguel
250 ## - DECLARACIÓN DE EDICIÓN
Sentencia de edición Primera edición
264 #1 - AVISO DE PRODUCCIÓN, PUBLICACIÓN, DISTRIBUCIÓN, FABRICACIÓN Y DERECHOS DE AUTOR
Lugar de producción Barcelona
Nombre del productor Acantilado
Fecha de producción 2010
300 ## - DESCRIPCIÓN FÍSICA
Alcance 628 páginas
Dimensiones 21 cm
336 ## - TIPO DE CONTENIDO
Tipo de contenido texto
Código de tipo de contenido txt
Fuente rdacontent
337 ## - TIPO DE MEDIO
Término del tipo de medio sin mediación
Código de tipo de medio n
Fuente rdamedia
338 ## - TIPO DE PORTADOR
Término del tipo de operador volumen
Código de tipo de operador nc
Fuente rdacarrier
490 0# - DECLARACIÓN EN SERIE
Estado de cuenta de la serie Acantilado
Designación de volumen y secuencia 119
500 ## - NOTA GENERAL
Nota general Incluye datos biográficos del autor en la solapa
505 1# - NOTA DE CONTENIDO FORMATEADA
Nota sobre el contenido formateado La paradoja andante -- Escribir mal -- El pobre Shakespeare -- Defensa de las novelas de detectives -- Defensa del absurdo -- Los monstruos y la edad media -- El ideal americano -- El defensor -- El culto a los ricos
534 ## - NOTA DE VERSIÓN ORIGINAL
Declaración de título del original On lying in bed and other essays
600 14 - ENTRADA DE SUJETO AÑADIDO - NOMBRE PERSONAL
Nombre de la persona Chesterton, Gilbert Keit,
Fechas asociadas a un nombre 1874-1936
Subdivisión general Crítica e interpretación
9 (RLIN) 130435
650 14 - ENTRADA DE SUJETO AÑADIDO - TÉRMINO TÓPICO
Término tópico o elemento de entrada del nombre geográfico Ensayos ingleses
Subdivisión cronológica Siglo XIX
Fuente del título o término LEMB
650 14 - ENTRADA DE SUJETO AÑADIDO - TÉRMINO TÓPICO
Término tópico o elemento de entrada del nombre geográfico Literatura inglesa
Subdivisión cronológica Siglo XIX
Fuente del título o término LEMB
650 14 - ENTRADA DE SUJETO AÑADIDO - TÉRMINO TÓPICO
Término tópico o elemento de entrada del nombre geográfico Secretos
Subdivisión de forma Ensayo
Fuente del título o término LEMB
650 14 - ENTRADA DE SUJETO AÑADIDO - TÉRMINO TÓPICO
Término tópico o elemento de entrada del nombre geográfico Sombreros
Subdivisión de forma Ensayo
Fuente del título o término LEMB
700 1# - ENTRADA AGREGADA - NOMBRE PERSONAL
Nombre de la persona Manguel, Alberto,
Fechas asociadas a un nombre 1948-
Término del Relator próloguista
700 1# - ENTRADA AGREGADA - NOMBRE PERSONAL
Nombre de la persona Temprano García, Miguel
Término del Relator traductor
942 ## - ELEMENTOS DE ENTRADA AGREGADOS (KOHA)
Fuente de clasificación o esquema de estanterías Dewey Decimal Classification
Tipo de artículo Koha Literartura
Existencias
Estado de retirada Pérdida de estatus Fuente de clasificación o esquema de estanterías Estado dañado No para préstamo Código de recogida Ubicación permanente Ubicación actual Ubicación de las estanterías Fecha de adquisición Fuente de adquisición Total de Cajas Número Topográfico Código de barras Precio efectivo desde Número de copia Fecha de la última vez que se vio Tipo de artículo Koha
    Dewey Decimal Classification     General Biblioteca Pública Municipal Isaías Naranjo Ríos Biblioteca Pública Municipal Isaías Naranjo Ríos Área General 09/10/2012 Dotación ministerio de cultura   808.84 C32c API01 - 2003 16/08/2024 Ej. 1 16/08/2024 Literartura